000
00289nam a22001337a 4500
008
180313b xxu||||| |||| 00| 0 eng d
020
_a
9780201494013
041
_a
eng
080
_a
371
100
_a
25
101
_a
EDU
245
_a
Active Learning for Five
_c
Cryer
942
_2
udc
_c
BK
999
_c
44841
_d
44841